000 00336nam a22001337a 4500
008 170208b xxu||||| |||| 00| 0 eng d
020 _a9780781723770
041 _aeng
080 _22ND
_a61
100 _a4
101 _aSHM
245 _aTHE MASSACHUSETTS GENERAL HOSPITAL HANDBOOK OF PAIN MANAGEMENT
_cBALLANTYNE, J
942 _2udc
_cBK
999 _c4906
_d4906